<?xml version="1.0" encoding="UTF-8"?>
<record
    xmlns:xsi="http://www.w3.org/2001/XMLSchema-instance"
    xsi:schemaLocation="http://www.loc.gov/MARC21/slim http://www.loc.gov/standards/marcxml/schema/MARC21slim.xsd"
    xmlns="http://www.loc.gov/MARC21/slim">

  <leader>02452nas a2200289 i 4500</leader>
  <controlfield tag="001">184192</controlfield>
  <controlfield tag="003">ES-MaACL</controlfield>
  <controlfield tag="005">20250727024458.0</controlfield>
  <controlfield tag="008">150417d1945    sp  nym r     0    |spa d</controlfield>
  <datafield tag="022" ind1=" " ind2=" ">
    <subfield code="a">0210-1491</subfield>
  </datafield>
  <datafield tag="080" ind1=" " ind2=" ">
    <subfield code="a">572(05)</subfield>
  </datafield>
  <datafield tag="080" ind1=" " ind2=" ">
    <subfield code="a">39(05)</subfield>
  </datafield>
  <datafield tag="245" ind1="0" ind2="0">
    <subfield code="a">Trabajos del Instituto Bernardino de Sahag&#xFA;n de Antropolog&#xED;a y Etnolog&#xED;a / </subfield>
    <subfield code="c">Consejo Superior de Investigaciones Cient&#xED;ficas.</subfield>
  </datafield>
  <datafield tag="260" ind1=" " ind2=" ">
    <subfield code="a">Madrid : </subfield>
    <subfield code="b">CSIC, </subfield>
    <subfield code="c">1945-</subfield>
  </datafield>
  <datafield tag="300" ind1=" " ind2=" ">
    <subfield code="a">2 v. : </subfield>
    <subfield code="b">il., gr&#xE1;f. ; </subfield>
    <subfield code="c">25 cm.</subfield>
  </datafield>
  <datafield tag="310" ind1=" " ind2=" ">
    <subfield code="a">Irregular</subfield>
  </datafield>
  <datafield tag="362" ind1="1" ind2=" ">
    <subfield code="a">v. 1 (1945)-v. 2 (1946)</subfield>
  </datafield>
  <datafield tag="362" ind1="1" ind2=" ">
    <subfield code="a">Ces&#xF3; con el v. 15.</subfield>
  </datafield>
  <datafield tag="505" ind1="8" ind2=" ">
    <subfield code="a">Contiene: 1. El Dr. Gonz&#xE1;lez de Velasco y la fundaci&#xF3;n del Museo Antropol&#xF3;gico / Luciano Moreno -- Grupos sangu&#xED;neos en n&#xF3;madas del S&#xE1;hara Occidental / Santiago Alcob&#xE9; -- Sobre un cr&#xE1;neo patag&#xF3;n (contribuci&#xF3;n al estudio de los restos patagones antiguos) / M&#xAA; de las Mercedes Gonz&#xE1;lez Gimeno -- Cr&#xE1;neos procedentes de un convento de Ampurias (Gerona) / Jos&#xE9; Pons -- El tama&#xF1;o de las ap&#xF3;fisis mastoides en el diagn&#xF3;stico sexual de cr&#xE1;neos espa&#xF1;oles / Miguel Fust&#xE9; Ara -- Contribuci&#xF3;n al estudio antropol&#xF3;gico de las anomal&#xED;as arteriales / O'Dogherty S&#xE1;nchez -- Avance para el estudio del crecimiento de los ni&#xF1;os barceloneses / Antonio Prevosti -- Problemas psicot&#xE9;cnicos de aeron&#xE1;utica / Jer&#xF3;nimo Pou D&#xED;az</subfield>
  </datafield>
  <datafield tag="505" ind1="8" ind2=" ">
    <subfield code="a">Contiene: 2. Calvarias de &#xE9;poca premegal&#xED;ticas procedentes de Alcubierre (Huesca) / Antonio Prevosti  -- Restos humanos neol&#xED;ticos de Seri&#xF1;&#xE1; (Gerona) / Miguel Fust&#xE9; Ara -- Pelvimetr&#xED;a femenina espa&#xF1;ola / Caridad Robles Mendo -- Antropolog&#xED;a de la mujer bereber en Marruecos / M&#xAA; de las Mercedes Gonz&#xE1;lez Gimeno -- Contribuci&#xF3;n al estudio de los grupos sangu&#xED;neos de Espa&#xF1;a / J. Carri&#xF3;n y J. Hern&#xE1;ndez -- Preparaci&#xF3;n de los inmunosueros aglutinantes para determinaci&#xF3;n de los factores hem&#xE1;ticos del sistema M y N / L. Agosti -- Primeros datos estad&#xED;sticos sobre el sistema factorial M-N en Espa&#xF1;a / L. Agosti -- La diferenciaci&#xF3;n de las sustancias espec&#xED;ficas de los grupos sangu&#xED;neos en la saliva / F. Alonso Bur&#xF3;n</subfield>
  </datafield>
  <datafield tag="650" ind1=" " ind2="7">
    <subfield code="a">Antropolog&#xED;a f&#xED;sica</subfield>
    <subfield code="2">embne</subfield>
    <subfield code="9">9893</subfield>
  </datafield>
  <datafield tag="650" ind1=" " ind2="7">
    <subfield code="a">Antropolog&#xED;a cultural y social</subfield>
    <subfield code="2">embne</subfield>
    <subfield code="9">9867</subfield>
  </datafield>
  <datafield tag="710" ind1="2" ind2=" ">
    <subfield code="a">Instituto Bernardino de Sahag&#xFA;n de Antropolog&#xED;a y Etnolog&#xED;a.</subfield>
    <subfield code="9">4800</subfield>
  </datafield>
  <datafield tag="710" ind1="2" ind2=" ">
    <subfield code="a">Consejo Superior de Investigaciones Cient&#xED;ficas (Espa&#xF1;a)</subfield>
    <subfield code="9">3236</subfield>
  </datafield>
  <datafield tag="852" ind1="4" ind2=" ">
    <subfield code="a">ES-MaACL</subfield>
    <subfield code="j">E-15559-60</subfield>
  </datafield>
  <datafield tag="999" ind1=" " ind2=" ">
    <subfield code="c">184192</subfield>
    <subfield code="d">184192</subfield>
  </datafield>
  <datafield tag="952" ind1=" " ind2=" ">
    <subfield code="0">0</subfield>
    <subfield code="1">0</subfield>
    <subfield code="4">0</subfield>
    <subfield code="7">0</subfield>
    <subfield code="8">Hemeroteca</subfield>
    <subfield code="a">ATENEOM</subfield>
    <subfield code="b">ATENEOM</subfield>
    <subfield code="c">DEPO2</subfield>
    <subfield code="d">2015-04-17</subfield>
    <subfield code="e">SC</subfield>
    <subfield code="l">0</subfield>
    <subfield code="o">E-15559-60</subfield>
    <subfield code="p">1193744</subfield>
    <subfield code="r">2023-02-23 00:00:00</subfield>
    <subfield code="w">2023-02-23</subfield>
    <subfield code="y">PERIODICA</subfield>
  </datafield>
</record>
